00311 2200145 4500245003700000250001100037100001000048650001600058650001700074005001900091260001800110041001400128084001400142336000900156 aBlurred RemembrancecAkmalhText aCet. 1 aAkmal aKarya Siswa aAutobiografi a20250522112753 aJakartac2025 aIndonesia a081 AKM b atext